Footballer to Country Quiz #1 - Statistics

General Stats
  • This quiz has been taken 15 times
  • The average score is 7 of 20
Answer Stats
Hint Answer % Correct
Robert Lewandowski Poland
100%
Viktor Gyökeres Sweden
69%
Alessandro Bastoni Italy
62%
Kang-in Lee South Korea
62%
Federico Valverde Uruguay
62%
Ilia Gruev Bulgaria
54%
Pablo Rosario Dominican Republic
54%
Nicolas Jackson Senegal
54%
Mathew Ryan Australia
46%
Rayan Aït-Nouri Algeria
38%
Serhou Guirassy Guinea
38%
Oleg Reabciuk Moldova
31%
Rahim Alhassane Niger
23%
Musa Juwara Gambia
15%
Andy Pelmard Madagascar
8%
Aboubakary Koita Mauritania
8%
Marko Stamenić New Zealand
8%
Lyle Foster South Africa
8%
Dylan Demuynck Philippines
0%
Ikhsan Fandi Singapore
0%
No matching quizzes found
Score Distribution
Percent of People with Each Score
Percentile by Number Answered
Your Score History
You have not taken this quiz